[Event "Philadelphia Open 2015"]
[Site "Philadelphia"]
[Date "2015.04.05"]
[Round "8.14"]
[White "Rohde, Michael"]
[Black "Colas, Joshua"]
[Result "1-0"]
[WhiteElo "2455"]
[BlackElo "2315"]
[PlyCount "179"]
[EventDate "2015.04.??"]
[EventType "swiss"]
[EventRounds "9"]
[EventCountry "USA"]

1. c4 Nf6 2. Nf3 c5 3. Nc3 Nc6 4. d4 cxd4 5. Nxd4 g6 6. e4 d6 7. Be2 Bg7 8. Be3
O-O 9. O-O Bd7 10. Qd2 Rc8 11. Rac1 Nxd4 12. Bxd4 Bc6 13. b4 b6 14. f3 Qd7 15.
Rfd1 Rfd8 16. Kh1 h5 17. Bf1 Qe8 18. Qf2 Bd7 19. h3 Be6 20. Nb5 Rd7 21. Be3 Rb7
22. Nd4 Bd7 23. c5 bxc5 24. bxc5 Rxc5 25. Rxc5 dxc5 26. Nb3 Ba4 27. Nxc5 Bxd1
28. Nxb7 Qc6 29. Nc5 Nd7 30. Nxd7 Qxd7 31. Bxa7 Qa4 32. Bc5 e6 33. a3 Qb3 34.
Bd4 Bxd4 35. Qxd4 Qb1 36. Qd8+ Kg7 37. Qd2 Qa1 38. Qd3 h4 39. Kg1 Kh7 40. Kf2
Qb2+ 41. Ke1 Bb3 42. Qd6 Qc1+ 43. Kf2 Qb2+ 44. Kg1 Qc1 45. Qb4 Qe3+ 46. Kh1 Bd1
47. Qb1 Qe1 48. Qd3 Bc2 49. Qe2 Qc1 50. Qc4 Qe1 51. Qxc2 Qxf1+ 52. Kh2 Qe1 53.
Qc7 Kg8 54. a4 f6 55. a5 e5 56. Qc4+ Kg7 57. a6 Qg3+ 58. Kg1 Qe1+ 59. Qf1 Qe3+
60. Qf2 Qc1+ 61. Kh2 Qf4+ 62. Kh1 Qc1+ 63. Qg1 Qa3 64. a7 f5 65. Qb6 Qc1+ 66.
Kh2 Qf4+ 67. Kg1 Qc1+ 68. Kh2 Qf4+ 69. Kh1 Qc1+ 70. Qg1 Qa3 71. exf5 gxf5 72.
Qe1 Qxa7 73. Qxe5+ Kg6 74. Qe6+ Kg5 75. Qe5 Qf2 76. Kh2 Kg6 77. f4 Qg3+ 78. Kg1
Qb3 79. Qd6+ Kf7 80. Qd7+ Kg6 81. Qe8+ Qf7 82. Qxf7+ Kxf7 83. Kf2 Kf6 84. Kf3
Ke6 85. g4 hxg3 86. Kxg3 Kf6 87. Kf3 Kg6 88. Ke3 Kf6 89. Kd4 Ke6 90. Kc5 1-0

[Event "Philadelphia Open 2015"]
[Site "Philadelphia"]
[Date "2015.04.05"]
[Round "8.15"]
[White "Gerzhoy, Leonid"]
[Black "Checa, Nicolas"]
[Result "0-1"]
[WhiteElo "2430"]
[BlackElo "2289"]
[PlyCount "114"]
[EventDate "2015.04.??"]
[EventType "swiss"]
[EventRounds "9"]
[EventCountry "USA"]

1. e4 e6 2. d4 d5 3. Nd2 c5 4. exd5 Qxd5 5. Ngf3 cxd4 6. Bc4 Qd6 7. O-O Nf6 8.
Re1 Nc6 9. Ne4 Nxe4 10. Rxe4 Be7 11. Nxd4 Bf6 12. Bf4 Qd7 13. Nxc6 Qxc6 14. Bd3
O-O 15. Be5 Bxe5 16. Rxe5 Qc7 17. Re3 b6 18. Rh3 g6 19. Qd2 Qe5 20. Qh6 Qg7 21.
Qxg7+ Kxg7 22. Be4 Rb8 23. Rd1 Bb7 24. Bxb7 Rxb7 25. Rc3 Kf6 26. f4 Re8 27. Kf2
e5 28. Rc6+ Kg7 29. Re1 Rbe7 30. fxe5 Rxe5 31. Rxe5 Rxe5 32. b4 h5 33. a4 Re4
34. c4 Kh6 35. a5 b5 36. cxb5 Rxb4 37. Rc5 f5 38. a6 Rb2+ 39. Kf3 Kg5 40. h3
Rb3+ 41. Ke2 Kf4 42. Kd2 Ke4 43. Kc2 Kd4 44. Rc7 Rxb5 45. Rxa7 Ra5 46. Rd7+ Ke3
47. Rd6 g5 48. Kb3 g4 49. hxg4 hxg4 50. Kb4 Ra2 51. Rf6 f4 52. Kb5 Rxg2 53. a7
Rb2+ 54. Ka6 Ra2+ 55. Kb7 Rxa7+ 56. Kxa7 g3 57. Kb6 g2 0-1

[Event "Philadelphia Open 2015"]
[Site "Philadelphia"]
[Date "2015.04.05"]
[Round "9.2"]
[White "Margvelashvili, Giorgi"]
[Black "Dreev, Aleksey"]
[Result "1/2-1/2"]
[WhiteElo "2539"]
[BlackElo "2636"]
[PlyCount "48"]
[EventDate "2015.04.??"]
[EventType "swiss"]
[EventRounds "9"]
[EventCountry "USA"]
[WhiteClock "1:46:55"]
[BlackClock "1:28:51"]

1. d4 d5 2. c4 c6 3. cxd5 cxd5 4. Bf4 Nf6 5. Nc3 Nc6 6. e3 Bg4 7. Qb3 Na5 8.
Bb5+ Bd7 9. Bxd7+ Qxd7 10. Qb5 Nc6 11. Nf3 e6 12. Ne5 Nxe5 13. Bxe5 Be7 14.
Bxf6 Bxf6 15. Kd2 Rc8 16. Qxd7+ Kxd7 17. Rhc1 Be7 18. Ne2 Bd6 19. g3 h5 20.
Rxc8 Rxc8 21. Rc1 Rh8 22. h4 g6 23. Kd3 Ke7 24. Ng1 Ra8 1/2-1/2

[Event "Philadelphia Open 2015"]
[Site "Philadelphia"]
[Date "2015.04.05"]
[Round "9.3"]
[White "Kannappan, Priyadharshan"]
[Black "Avrukh, Boris"]
[Result "1/2-1/2"]
[WhiteElo "2456"]
[BlackElo "2610"]
[PlyCount "84"]
[EventDate "2015.04.??"]
[EventType "swiss"]
[EventRounds "9"]
[EventCountry "USA"]
[WhiteClock "0:24:16"]
[BlackClock "0:29:53"]

1. e4 e5 2. Nf3 Nc6 3. Nc3 Nf6 4. Bb5 Bb4 5. O-O O-O 6. d3 d6 7. Ne2 Ne7 8. c3
Ba5 9. Ng3 a6 10. Ba4 b5 11. Bc2 Ng6 12. d4 Bb6 13. h3 h6 14. Re1 Re8 15. a4
Bb7 16. dxe5 Nxe5 17. Nd4 Ng6 18. Bd2 b4 19. a5 Bc5 20. Ndf5 b3 21. Bb1 Rb8 22.
c4 Ne5 23. Qc1 Re6 24. Be3 Ned7 25. Nd4 Bxd4 26. Bxd4 Ba8 27. f3 Ne5 28. f4 Nc6
29. Bc3 Nb4 30. Qd2 c5 31. e5 dxe5 32. Qxd8+ Rxd8 33. fxe5 Ne8 34. Bf5 Re7 35.
Ra3 Nc2 36. Bxc2 bxc2 37. Raa1 Bc6 38. Nf5 Re6 39. Rac1 Ba4 40. Ne3 Bb3 41.
Nxc2 Bxc4 42. Ne3 Bb3 1/2-1/2

[Event "Philadelphia Open 2015"]
[Site "Philadelphia"]
[Date "2015.04.05"]
[Round "9.4"]
[White "Ghaem Maghami, Ehsan"]
[Black "Chandra, Akshat"]
[Result "1/2-1/2"]
[WhiteElo "2562"]
[BlackElo "2476"]
[PlyCount "40"]
[EventDate "2015.04.??"]
[EventType "swiss"]
[EventRounds "9"]
[EventCountry "USA"]
[WhiteClock "0:53:58"]
[BlackClock "1:06:41"]

1. d4 Nf6 2. c4 e6 3. Nf3 d5 4. g3 Bb4+ 5. Bd2 Be7 6. Bg2 O-O 7. O-O c6 8. Qc2
b6 9. Bf4 Nbd7 10. Nc3 Bb7 11. Rad1 dxc4 12. Ne5 Nd5 13. Nxc4 Nxf4 14. gxf4 Qc7
15. e3 Rad8 16. a3 c5 17. Bxb7 Qxb7 18. dxc5 Nxc5 19. b4 Nd7 20. Qe4 Qc8
1/2-1/2

[Event "Philadelphia Open 2015"]
[Site "Philadelphia"]
[Date "2015.04.05"]
[Round "9.5"]
[White "Zierk, Steven"]
[Black "Sorkin, Igor"]
[Result "1-0"]
[WhiteElo "2485"]
[BlackElo "2325"]
[PlyCount "85"]
[EventDate "2015.04.??"]
[EventType "swiss"]
[EventRounds "9"]
[EventCountry "USA"]

1. e4 c5 2. Nf3 d6 3. d4 cxd4 4. Nxd4 Nf6 5. Nc3 e6 6. g4 h6 7. Be3 a6 8. h3 b5
9. Bg2 Bb7 10. a3 Nbd7 11. Qe2 Rc8 12. f4 Rxc3 13. bxc3 Nxe4 14. Bxe4 Bxe4 15.
O-O Bd5 16. Rfd1 Nf6 17. Bf2 Ne4 18. Be1 Be7 19. a4 h5 20. g5 Bxg5 21. fxg5
Qxg5+ 22. Qg2 Qe3+ 23. Kh2 Nf6 24. Rd3 Ng4+ 25. Qxg4 Qxd3 26. Qxe6+ fxe6 27.
cxd3 O-O 28. axb5 axb5 29. Bg3 e5 30. Nxb5 Rf3 31. Nxd6 Rxd3 32. Bxe5 h4 33.
Kg1 Re3 34. Bd4 Rxh3 35. Ra5 Rg3+ 36. Kf2 Rg2+ 37. Ke3 Rg3+ 38. Kf4 g5+ 39. Kf5
h3 40. Rxd5 h2 41. Ne4 Rf3+ 42. Kg6 Kf8 43. Re5 1-0

[Event "Philadelphia Open 2015"]
[Site "Philadelphia"]
[Date "2015.04.05"]
[Round "9.6"]
[White "Xiong, Jeffery"]
[Black "Tang, Andrew"]
[Result "1-0"]
[WhiteElo "2482"]
[BlackElo "2326"]
[PlyCount "67"]
[EventDate "2015.04.??"]
[EventType "swiss"]
[EventRounds "9"]
[EventCountry "USA"]

1. e4 e5 2. Nf3 Nc6 3. Bb5 a6 4. Ba4 Nf6 5. O-O Be7 6. Re1 b5 7. Bb3 d6 8. c3
O-O 9. d4 Bg4 10. Be3 exd4 11. cxd4 d5 12. e5 Ne4 13. h3 Bh5 14. Nbd2 Nxd2 15.
Qxd2 Bxf3 16. Qc3 Bxg2 17. Kxg2 Nb8 18. Rac1 c6 19. Qd3 Qd7 20. Bc2 g6 21. Bh6
Re8 22. Qg3 Bf8 23. Bxf8 Rxf8 24. Bb1 f5 25. exf6 Rxf6 26. Rc3 Qg7 27. Re8+ Rf8
28. Rxf8+ Qxf8 29. Qc7 Qf7 30. Qc8+ Kg7 31. Rf3 Qe7 32. Re3 Qf7 33. Qd8 Qf4 34.
Rf3 1-0

[Event "Philadelphia Open 2015"]
[Site "Philadelphia"]
[Date "2015.04.05"]
[Round "9.7"]
[White "Rosen, Eric"]
[Black "Sarkar, Justin"]
[Result "1/2-1/2"]
[WhiteElo "2322"]
[BlackElo "2393"]
[PlyCount "43"]
[EventDate "2015.04.??"]
[EventType "swiss"]
[EventRounds "9"]
[EventCountry "USA"]

1. c4 e5 2. Nc3 Bb4 3. Qb3 Nc6 4. Nf3 a5 5. e3 Nf6 6. a3 Bxc3 7. Qxc3 Qe7 8. d3
d5 9. cxd5 Nxd5 10. Qc2 a4 11. Bd2 O-O 12. Be2 Rd8 13. O-O Nb6 14. Rac1 Bf5 15.
Rfd1 Rd7 16. Bc3 Rad8 17. Rd2 h6 18. h3 Nc4 19. Rdd1 Nb6 20. Rd2 Nc4 21. Rdd1
Nb6 22. Rd2 1/2-1/2

[Event "Philadelphia Open 2015"]
[Site "Philadelphia"]
[Date "2015.04.05"]
[Round "9.8"]
[White "Pourkashiyan, Atousa"]
[Black "Ortiz Suarez, Isam Reynaldo"]
[Result "1/2-1/2"]
[WhiteElo "2347"]
[BlackElo "2612"]
[PlyCount "209"]
[EventDate "2015.04.??"]
[EventType "swiss"]
[EventRounds "9"]
[EventCountry "USA"]

1. e4 c5 2. Nf3 d6 3. d4 cxd4 4. Nxd4 Nf6 5. Nc3 a6 6. Be2 e6 7. O-O Qc7 8. f4
Be7 9. Be3 O-O 10. Kh1 b5 11. a3 Bb7 12. Bd3 Nbd7 13. Qf3 Nc5 14. Rae1 Rac8 15.
Bg1 Qb8 16. Qe2 Qa8 17. Rf3 Rfe8 18. Rh3 g6 19. Nf3 Nxd3 20. cxd3 Bf8 21. Qf2
Bg7 22. Qh4 h5 23. Rg3 Ng4 24. h3 Bf6 25. Ng5 Nh6 26. Rf1 Kg7 27. f5 exf5 28.
Ne2 Bxe4 29. Nf4 Bxg2+ 30. Rxg2 Rc2 31. Bf2 Kg8 32. Nxh5 Bh8 33. Nf4 Bg7 34.
Qg3 Qb7 35. b4 Ra2 36. d4 Rc2 37. Kh2 Rec8 38. Rd1 R8c3 39. Rd3 Rxd3 40. Qxd3
Rc8 41. Bg1 Bf6 42. Qg3 Bg7 43. Re2 Bf6 44. Qh4 Bg7 45. Qe1 Bf6 46. Qh4 Bg7 47.
Bf2 Bf8 48. d5 Qd7 49. Bd4 Qd8 50. Qg3 Ng4+ 51. hxg4 Qxg5 52. gxf5 Qxf5 53. Nh3
Qxd5 54. Bb2 Bg7 55. Bxg7 Kxg7 56. Qf4 Rc4 57. Rd2 Rxf4 58. Rxd5 Rf3 59. Rxd6
Rxa3 60. Nf4 a5 61. bxa5 Rxa5 62. Rd2 Kf6 63. Rb2 Ke5 64. Nd3+ Kd4 65. Nb4 Kc3
66. Rb1 Kc4 67. Nc6 Ra2+ 68. Kg3 Kc5 69. Ne5 Ra7 70. Rf1 b4 71. Nxf7 b3 72. Ne5
Rb7 73. Rb1 Kb4 74. Kg4 Kc3 75. Nxg6 Kc2 76. Rxb3 Rxb3 77. Kf4 Kd3 78. Ne5+ Kd4
79. Nf3+ Kd5 80. Ng5 Rb4+ 81. Kf5 Rb7 82. Kf4 Rb8 83. Nf3 Re8 84. Ng5 Rf8+ 85.
Ke3 Rf6 86. Nf3 Rf5 87. Nd4 Re5+ 88. Kd3 Re4 89. Nf5 Ke5 90. Ng3 Ra4 91. Ne2
Rb4 92. Nc3 Rh4 93. Ne2 Re4 94. Nc3 Rd4+ 95. Ke3 Rd6 96. Ne2 Rh6 97. Kd3 Rh3+
98. Kc4 Rf3 99. Nc3 Re3 100. Nb5 Re4+ 101. Kc5 Rh4 102. Nc3 Rg4 103. Nb5 Rg8
104. Kc4 Rc8+ 105. Kd3 1/2-1/2

[Event "Philadelphia Open 2015"]
[Site "Philadelphia"]
[Date "2015.04.05"]
[Round "9.10"]
[White "Bora, Safal"]
[Black "Shetty, Atulya"]
[Result "1/2-1/2"]
[WhiteElo "2410"]
[BlackElo "2342"]
[PlyCount "144"]
[EventDate "2015.04.??"]
[EventType "swiss"]
[EventRounds "9"]
[EventCountry "USA"]

1. Nf3 c5 2. g3 Nc6 3. Bg2 g6 4. c4 Bg7 5. Nc3 d6 6. O-O Bf5 7. d3 Qd7 8. e3
Bh3 9. Bxh3 Qxh3 10. Nd5 Rc8 11. Bd2 Qd7 12. Bc3 Bxc3 13. Nxc3 Nf6 14. d4 O-O
15. d5 Na5 16. b3 a6 17. a4 e5 18. Nd2 b6 19. f4 exf4 20. gxf4 Ng4 21. Qf3 f5
22. e4 Qg7 23. Qd3 Rce8 24. Rae1 Qd4+ 25. Qxd4 cxd4 26. Ne2 Ne3 27. Nxd4 Nxf1
28. Kxf1 fxe4 29. Ne6 e3 30. Rxe3 Rxf4+ 31. Ke2 Rh4 32. h3 Re7 33. Kd3 b5 34.
axb5 axb5 35. cxb5 Rb4 36. Nd4 Re5 37. Re4 Rxd5 38. Kc3 Rbxb5 39. b4 Rxd4 40.
Rxd4 Nc6 41. Rxd6 Nxb4 42. Ne4 Rb7 43. Nc5 Na2+ 44. Kd4 Re7 45. Nd3 Kg7 46. Rd5
Kh6 47. h4 Rb7 48. Rc5 Nb4 49. Nf2 Na6 50. Ng4+ Kg7 51. Rc4 h5 52. Ne5 Rb4 53.
Rxb4 Nxb4 54. Ke4 Na2 55. Kf4 Nc3 56. Nf3 Kf6 57. Nd2 Nd5+ 58. Ke4 Ne7 59. Kf4
Nf5 60. Nf3 Kg7 61. Kg5 Ng3 62. Kf4 Ne2+ 63. Ke3 Nc1 64. Kf4 Nd3+ 65. Ke3 Nc5
66. Kf4 Kf6 67. Nd2 Ne6+ 68. Ke4 Ng7 69. Kf4 Kf7 70. Nf3 Ne6+ 71. Ke4 Kf6 72.
Nd2 Ng7 1/2-1/2

[Event "Philadelphia Open 2015"]
[Site "Philadelphia"]
[Date "2015.04.05"]
[Round "9.11"]
[White "Gurevich, Daniel"]
[Black "Wang, Qibiao"]
[Result "0-1"]
[WhiteElo "2373"]
[BlackElo "2206"]
[PlyCount "88"]
[EventDate "2015.04.??"]
[EventType "swiss"]
[EventRounds "9"]
[EventCountry "USA"]

1. e4 e6 2. d4 d5 3. Nd2 c5 4. exd5 Qxd5 5. Ngf3 cxd4 6. Bc4 Qd6 7. O-O Nf6 8.
Nb3 Nc6 9. Nbxd4 Nxd4 10. Nxd4 a6 11. Re1 Bd7 12. c3 Qc7 13. Bb3 O-O-O 14. Qe2
e5 15. Nc2 Bb5 16. c4 Bc6 17. Bg5 h6 18. Bxf6 gxf6 19. Ne3 Bc5 20. Nd5 Qd6 21.
Qf3 Rhg8 22. Rac1 Kb8 23. Bc2 Rg5 24. h4 Rg7 25. Be4 Rdg8 26. Qh5 Bxd5 27. Bxd5
Rxg2+ 28. Bxg2 Qc6 29. Qg5 Rxg5 30. hxg5 Qb6 31. Rc2 hxg5 32. Rd1 Qe6 33. b4
Bd4 34. c5 Qf5 35. Rdc1 g4 36. c6 bxc6 37. Bxc6 g3 38. Ba4 gxf2+ 39. Kg2 Qg4+
40. Kf1 Qh3+ 41. Ke2 Qe3+ 42. Kf1 Qh3+ 43. Ke2 Bb6 44. Rc3 f1=Q+ 0-1

[Event "Philadelphia Open 2015"]
[Site "Philadelphia"]
[Date "2015.04.05"]
[Round "9.12"]
[White "Shen, Arthur"]
[Black "Homa, Seth"]
[Result "1-0"]
[WhiteElo "2316"]
[BlackElo "2367"]
[PlyCount "115"]
[EventDate "2015.04.??"]
[EventType "swiss"]
[EventRounds "9"]
[EventCountry "USA"]

1. e4 c5 2. Nf3 e6 3. d4 cxd4 4. Nxd4 Nc6 5. Nc3 Qc7 6. Be3 a6 7. Qf3 Nf6 8.
O-O-O Ne5 9. Qg3 h5 10. Bf4 d6 11. Bg5 Be7 12. f4 h4 13. Qe1 Ng6 14. Nf3 Nh5
15. Bxe7 Qxe7 16. e5 dxe5 17. fxe5 Bd7 18. Ne4 Bc6 19. g3 Rd8 20. Bd3 Bxe4 21.
Bxe4 Rxd1+ 22. Kxd1 Nf8 23. Kc1 hxg3 24. hxg3 Rh6 25. g4 Nf4 26. Rxh6 gxh6 27.
Qe3 N8g6 28. Qa7 Qc7 29. Qxb7 Nd3+ 30. Kd2 Qxb7 31. Bxb7 Ndxe5 32. Nxe5 Nxe5
33. Bxa6 Nxg4 34. a4 h5 35. a5 Kd8 36. b4 h4 37. Bf1 Kc7 38. c4 Ne5 39. c5 f5
40. a6 f4 41. b5 f3 42. b6+ Kb8 43. a7+ Ka8 44. Ke3 Nd7 45. Kxf3 Nxc5 46. Bg2
h3 47. Bh1 e5 48. Kg3+ e4 49. Kxh3 Nb7 50. Kg3 e3 51. Bxb7+ Kxb7 52. Kf3 Ka8
53. Kxe3 Kb7 54. Kd4 Ka8 55. Kc5 Kb7 56. a8=Q+ Kxa8 57. Kc6 Kb8 58. b7 1-0

[Event "Philadelphia Open 2015"]
[Site "Philadelphia"]
[Date "2015.04.05"]
[Round "9.13"]
[White "Mandizha, Farai"]
[Black "Katz, Alexander"]
[Result "0-1"]
[WhiteElo "2365"]
[BlackElo "2265"]
[PlyCount "122"]
[EventDate "2015.04.??"]
[EventType "swiss"]
[EventRounds "9"]
[EventCountry "USA"]

1. Nf3 Nf6 2. c4 e6 3. g3 d5 4. Bg2 dxc4 5. Qa4+ c6 6. Qxc4 b5 7. Qc2 Bb7 8.
O-O Nbd7 9. b3 Be7 10. Bb2 O-O 11. d3 Qb6 12. Nbd2 Rac8 13. Rac1 c5 14. Qb1 Nd5
15. e4 Nb4 16. a3 Nc6 17. Qa1 Bf6 18. Bxf6 Nxf6 19. e5 Nd7 20. Rfe1 Rfd8 21.
Qb2 Ba8 22. Qc2 Qb8 23. Qb2 Ne7 24. Ne4 Bxe4 25. Rxe4 Nb6 26. Bf1 Rd5 27. Nd2
a5 28. f4 a4 29. b4 cxb4 30. Rxc8+ Nbxc8 31. Rxb4 Nc6 32. Re4 N8e7 33. Nb1 Nd4
34. Nc3 Rd8 35. Kg2 Nef5 36. g4 Nh4+ 37. Kg3 g5 38. fxg5 Nhf3 39. Kf4 h6 40.
gxh6 Nxe5 41. Ke3 Qa7 42. Kf4 Qc7 43. Ke3 Qc5 44. Kf4 Nxg4 45. Kxg4 Qf5+ 46.
Kh4 Qf6+ 47. Kh5 Qg6+ 48. Kh4 Nf3+ 49. Kh3 Ng5+ 50. Kh4 Nf3+ 51. Kh3 Ng5+ 52.
Kh4 f5 53. Rb4 Nf3+ 54. Kh3 Ng1+ 55. Kh4 Kh7 56. Qc1 Rg8 57. Qe3 Qf6+ 58. Kh5
Qf7+ 59. Kh4 Qe7+ 60. Kh5 Nf3 61. Ne4 Qe8# 0-1

[Event "Philadelphia Open 2015"]
[Site "Philadelphia"]
[Date "2015.04.05"]
[Round "9.15"]
[White "Smith, Bryan"]
[Black "Ghatti, Sanjay"]
[Result "1-0"]
[WhiteElo "2482"]
[BlackElo "2148"]
[PlyCount "71"]
[EventDate "2015.04.??"]
[EventType "swiss"]
[EventRounds "9"]
[EventCountry "USA"]

1. e4 c6 2. d4 d5 3. Nd2 dxe4 4. Nxe4 Bf5 5. Ng3 Bg6 6. Nh3 e6 7. Bc4 Bd6 8.
Nf4 Nf6 9. c3 Qc7 10. Qf3 Nbd7 11. Be3 Nd5 12. Nxg6 hxg6 13. O-O-O N7f6 14. Kb1
Nxe3 15. fxe3 O-O-O 16. Nf1 Qa5 17. e4 Qh5 18. Rd3 Qxf3 19. Rxf3 e5 20. Bxf7
Nxe4 21. Bxg6 Nf6 22. dxe5 Bxe5 23. Kc2 Nd5 24. Be4 Nf6 25. Bf5+ Kb8 26. g3 Bc7
27. Ne3 Nd5 28. Ng4 Nf6 29. Nxf6 gxf6 30. h4 Rdg8 31. g4 Rh6 32. h5 Be5 33. Bg6
Rhh8 34. Re3 Rf8 35. g5 Kc7 36. Rf1 1-0